Concrete in architectvre.

Bibliographic Details
Corporate Author: Portland Cement Association
Format: Book
Language:English
Published: Chicago : Portland Cement Association, [1927]
Subjects:

MARC

Tag First Indicator Second Indicator Subfields
LEADER 00000cam a2200000 4500
001 in00000194721
005 20151009052259.0
008 741120s1927 ilua 00000 eng d
010 |a  27028095  
035 |a (OCoLC)01081903 
035 |9 AAV9931AM 
040 |c IUA  |d TXA  |d UtOrBLW 
049 |a TXAM  |c [43095] 
050 0 0 |a NA4125  |b .P6 
110 2 |a Portland Cement Association. 
245 1 0 |a Concrete in architectvre. 
264 1 |a Chicago :  |b Portland Cement Association,  |c [1927] 
264 4 |c [©1927] 
300 |a 59 pages, 1 unnumbered page :  |b illustrations (part color) ;  |c 29 cm. 
336 |a text  |b txt  |2 rdacontent 
337 |a unmediated  |b n  |2 rdamedia 
338 |a volume  |b nc  |2 rdacarrier 
650 0 |a Concrete. 
650 0 |a Architecture. 
999 |a MARS 
999 f f |s cd02a51b-1ca0-3328-b598-7de366f36a19  |i 278c4e30-1191-3725-a59a-a7add9dd1c17  |t 0 
952 f f |p ric  |a Texas A&M University  |b Rellis Campus  |c Joint Library Facility  |d Remote Storage  |t 0  |e NA4125 .P6  |h Library of Congress classification  |i unmediated -- volume  |m A14803435691 
998 f f |a NA4125 .P6  |t 0  |l Remote Storage